000 00618nam a22001817a 4500
005 20251108165243.0
008 250721s1994 xx 000 0 ara d
082 1 4 _a613.25/علا
100 1 _aعبد الفتاح، أبو العلا أحمد
245 1 0 _aالرياضة و إنقاص الوزن :
_bالطريق إلى الرشاقة و اللياقة /
264 1 _aالقاهرة :
_bدار الفكر العربي،
_c1994.
300 _a188ص
650 1 7 _aاللياقة البدنية
650 1 7 _aالريجيم
700 1 _aسيد، أحمد نصرالدين
942 _2ddc
_cBK
999 _c23306
_d23306